000 00407nam a2200157Ia 4500
008 221030s9999 xx 000 0 und d
020 _a8174092489
041 _aEnglish
082 _a105.23
100 _aM. K. Jain
245 0 _aNumerical Methods For Scientific and Engineering
_cby S.R. K. Iyengar
260 _bKhanna Pub.
_aNew Delhi
_c2011
300 _a832
650 _aBE Computer
942 _cBK
999 _c9538
_d9538